Diary of wimpy kid (Record no. 262629)
[ view plain ]
| 000 -LEADER | |
|---|---|
| fixed length control field | 00256nam a22001097a 4500 |
| 020 ## - INTERNATIONAL STANDARD BOOK NUMBER | |
| ISBN | 9780810993136 |
| 100 ## - MAIN ENTRY--AUTHOR NAME | |
| Personal name | Kinney Jeff |
| 245 ## - TITLE STATEMENT | |
| Title | Diary of wimpy kid |
| 260 ## - PUBLICATION, DISTRIBUTION, ETC. (IMPRINT) | |
| Place of publication | NewYork |
| Name of publisher | Amulet Books |
| 490 ## - SERIES STATEMENT | |
| Series statement | Wimpy Kid Do-It Your self series |
| 942 ## - ADDED ENTRY ELEMENTS (KOHA) | |
| Koha item type | Long Loan Books |
| Withdrawn status | Lost status | Collection code | Home library | Current library | Shelving location | Date acquired | Accession Number | Koha item type |
|---|---|---|---|---|---|---|---|---|
| Fiction | Rongo University Library | Rongo University Library | Children's Area | 25/01/2024 | CL20232978 | Long Loan Books | ||
| Fiction | Rongo University Library | Rongo University Library | Children's Area | 25/01/2024 | CL20232977 | Long Loan Books |
